Normal view MARC view
  • Dahrendorf, Ralf,

Entry Nombre Personal

Number of records used in: 1

001 - NUMERO DE CONTROL

  • campo de control: 47707

003 - IDENTIFICADOR DE NUMERO DE CONTROL

  • campo de control: DLC

005 - FECHA Y HORA DE LA ÜLTIMA TRANSACCIÓN

  • campo de control: 20230131152827.0

008 - DATOS DE LONGITUD FIJA

  • campo de control de longitud fija: 790621n| azannaabn |a aaa

010 ## - NÚMERO DE CONTROL DE LA BIBLIOTECA DEL CONGRESO

  • Número de control LC: n 79053999
  • Número de Control LC Cancelado/inválido: n 00111634
  • Número de Control LC Cancelado/inválido: no2012154656

035 ## - NUMERO DE CONTROL

  • Número de control: (OCoLC)oca00287143

040 ## - FUENTE DE CATALOGACIÓN

  • Agencia original de catalogación: DLC
  • Lenguaje de catalogación: spa
  • Description conventions: rda
  • Agencia de transcripción: DLC
  • Agencia que lo modifica: DLC
  • Agencia que lo modifica: ICU
  • Agencia que lo modifica: DLC
  • Agencia que lo modifica: InU
  • Agencia que lo modifica: DLC
  • Agencia que lo modifica: MX-MxUPN

046 ## - FECHAS CON CODIFICACIÓN ESPECIAL

  • Fecha de nacimiento: 19290501
  • Fecha de muerte: 20090617

100 1# - ENCABEZAMIENTO - NOMBRE PERSONAL

  • Nombre personal: Dahrendorf, Ralf,
  • Fechas asociadas con el nombre: 1929-2009

400 1# - VEÁSE - NOMBRE DE PERSONA

  • Personal name: Dahrendorf,
  • Titles and other words associated with a name: Lord,
  • Dates associated with a name: 1929-2009

670 ## - FUENTE EN LA QUE SE LOCALIZARON DATOS

  • Cita de la fuente: The paradoxes of unintended consequences, 2000:
  • Información localizada: portada (Lord Dahrendorf)

670 ## - FUENTE EN LA QUE SE LOCALIZARON DATOS

  • Cita de la fuente: Shestʹ portretov, 2008:
  • Información localizada: página 248 (Ralʹf Darendorf)

670 ## - FUENTE EN LA QUE SE LOCALIZARON DATOS

  • Cita de la fuente: OCLC, Oct. 22, 2012
  • Información localizada: (hdg.: Dahrendorf, Ralf, 01.05.1929-17.06.2009)

670 ## - FUENTE EN LA QUE SE LOCALIZARON DATOS

  • Cita de la fuente: El hilo de la razón, 1998:
  • Información localizada: portada (Ralf Dahrendorf)

902 ## - CATALOGADOR

  • Catalogador: Víctor Ruiz/310123